[Event "Xtracon Chess Open 2018"]
[Site "Elsinore"]
[Date "2018.07.27"]
[Round "8"]
[White "Nielsen, Kai Gylling"]
[Black "Langvik, Ulrikke"]
[Result "0-1"]
[WhiteElo "1813"]
[BlackElo "1640"]
[EventDate "2018.07.21"]
[WhiteFideId "1406400"]
[BlackFideId "1517910"]

1.e4 e6 2.d4 d5 3.Nc3 Bb4 4.Bd3 c5 5.a3 Bxc3+ 6.bxc3 c4 7.Be2 Qa5 8.Bd2 
Nf6 9.exd5 exd5 10.Bf3 Bf5 11.Ne2 O-O 12.O-O Na6 13.Bg5 Ne4 14.Bxe4 Bxe4 
15.f3 Bg6 16.Be7 Rfe8 17.Bb4 Qa4 18.Ra2 Nc7 19.Nf4 Rad8 20.Nxg6 hxg6 21.
Re1 Ne6 22.Rb2 b6 23.Re5 a5 24.Qe2 axb4 25.Rxb4 Qxa3 26.Re3 Kf8 27.Qd2 Nf4
28.Rxe8+ Rxe8 29.Qxf4 Qa1+ 0-1

[Event "Xtracon Chess Open 2018"]
[Site "Elsinore"]
[Date "2018.07.27"]
[Round "8"]
[White "Persson, Lars 1958"]
[Black "Stochkel, Casper"]
[Result "0-1"]
[WhiteElo "1588"]
[BlackElo "1784"]
[EventDate "2018.07.21"]
[WhiteFideId "1742469"]
[BlackFideId "1426702"]

1.d4 Nf6 2.e3 d6 3.Bd3 g6 4.Nd2 Bg7 5.Ne4 Nbd7 6.Bd2 O-O 7.Qe2 c5 8.dxc5 
Nxe4 9.Bxe4 Nxc5 10.Bf3 Bxb2 11.Rb1 Bg7 12.h4 Rb8 13.e4 Be6 14.a3 Qd7 15.
Qd1 Qc6 16.e5 d5 17.h5 Bxe5 18.hxg6 fxg6 19.Nh3 Ne4 20.Ng5 Nc3 21.Bxc3 
Bxc3+ 22.Kf1 Rbd8 23.Nxe6 Qxe6 24.Rxb7 Qa6+ 25.Be2 Qxb7 26.Bd3 Qb6 27.f3 
e5 28.Be2 e4 29.Rh3 Qe3 30.g4 Bd4 31.Kg2 exf3+ 32.Bxf3 Kg7 33.g5 Rf5 34.c3
Rxg5+ 35.Bg4 Qe4+ 36.Kg3 Bf6 37.Rh2 Be5+ 38.Kh4 h5 39.Kxg5 0-1

[Event "Xtracon Chess Open 2018"]
[Site "Elsinore"]
[Date "2018.07.27"]
[Round "8"]
[White "Knudsen, Martin Mosgaard"]
[Black "Nielsen, Palle"]
[Result "0-1"]
[WhiteElo "1590"]
[BlackElo "1771"]
[EventDate "2018.07.21"]
[WhiteFideId "1436937"]
[BlackFideId "1408526"]

1.d4 c6 2.Bf4 d5 3.Nc3 Nd7 4.e3 g6 5.Nf3 Bg7 6.Be2 Ngf6 7.h4 Nh5 8.Bh2 f5 
9.Ng5 Ndf6 10.Be5 h6 11.Nh3 O-O 12.Rg1 Ng4 13.Bxg7 Kxg7 14.Qd3 e5 15.dxe5 
Qxh4 16.Qd4 Qe7 17.Bxg4 fxg4 18.Nf4 Nxf4 19.exf4 Be6 20.Qd2 Rad8 21.Rh1 h5
22.g3 b5 23.a3 Rh8 24.Qe2 Qc5 25.Rd1 a5 26.Na2 Bf5 27.Rd2 Rhe8 28.b4 Qa7 
29.Nc1 axb4 30.axb4 Qa1 31.Kd1 Be4 32.Qf1 Bf3+ 33.Re2 d4 34.Kd2 Qc3+ 35.
Kd1 Qxb4 36.Nd3 Qb1+ 37.Kd2 Qxf1 38.Rxf1 Bxe2 39.Kxe2 Ra8 40.Nc5 Ra3 41.
Rd1 Rc3 0-1

[Event "Xtracon Chess Open 2018"]
[Site "Elsinore"]
[Date "2018.07.27"]
[Round "8"]
[White "Larsen, Arne Walther"]
[Black "O`gorman, Brian"]
[Result "1-0"]
[WhiteElo "1750"]
[BlackElo "1514"]
[EventDate "2018.07.21"]
[WhiteFideId "1411357"]
[BlackFideId "2509601"]

1.c4 e5 2.Nc3 Nf6 3.g3 Bc5 4.e3 O-O 5.Bg2 c6 6.Nge2 d5 7.d4 exd4 8.exd4 
Bb4 9.cxd5 Bxc3+ 10.bxc3 Nxd5 11.O-O Re8 12.c4 Nb6 13.Qc2 Bg4 14.Be3 Qd7 
15.Nf4 Bf5 16.Qb3 Na6 17.a4 Be4 18.a5 Nc8 19.Bxe4 Rxe4 20.Rab1 Nd6 21.Qd3 
Rae8 22.Rfc1 Nf5 23.Re1 Nxd4 24.Kg2 c5 25.Qc3 Nb4 26.Bxd4 Rxe1 27.Rxe1 
Rxe1 28.Qxe1 Nc2 29.Qe5 Nxd4 30.Qb8+ 1-0

[Event "Xtracon Chess Open 2018"]
[Site "Elsinore"]
[Date "2018.07.27"]
[Round "8"]
[White "Andreasen, Jon S."]
[Black "Rasmussen, Ole"]
[Result "1-0"]
[WhiteElo "1736"]
[BlackElo "1577"]
[EventDate "2018.07.21"]
[WhiteFideId "7201400"]
[BlackFideId "1417118"]

1.b3 e5 2.Bb2 d6 3.e3 g6 4.f4 Nd7 5.Nf3 Bg7 6.Bb5 c6 7.Be2 Ne7 8.O-O O-O 
9.fxe5 dxe5 10.e4 Qc7 11.d3 Nc5 12.Nbd2 Be6 13.Qe1 Rad8 14.Qf2 b6 15.Qg3 
Nd7 16.Ng5 Qd6 17.Nxe6 Qxe6 18.a4 b5 19.axb5 cxb5 20.Rxa7 Ra8 21.Rfa1 Rac8
22.c4 Bh6 23.Nf1 bxc4 24.dxc4 Qb6+ 25.Kh1 Bf4 26.Qf3 Rcd8 27.R1a6 Qc5 28.
Ba3 1-0

[Event "Xtracon Chess Open 2018"]
[Site "Elsinore"]
[Date "2018.07.27"]
[Round "8"]
[White "Madsen, Dennis"]
[Black "Gottschalck, Christian"]
[Result "1/2-1/2"]
[WhiteElo "1578"]
[BlackElo "1721"]
[EventDate "2018.07.21"]
[WhiteFideId "1425919"]
[BlackFideId "1428357"]

1.d4 d5 2.e4 e6 3.Nc3 dxe4 4.f3 Bb4 5.Bf4 c5 6.Bb5+ Bd7 7.Bxd7+ Qxd7 8.
dxc5 exf3 9.Nxf3 Bxc5 10.Bxb8 Qxd1+ 11.Rxd1 Rxb8 12.Ne4 Be7 13.O-O Nh6 14.
Ne5 Rd8 15.Rxd8+ Kxd8 16.Nxf7+ Nxf7 17.Rxf7 Rg8 18.h4 Ke8 19.Rf3 Rf8 20.
Rc3 Kd7 21.g3 Rc8 22.b3 Rxc3 23.Nxc3 Kc6 24.a4 a6 25.Kg2 Kc5 26.Ne4+ Kb4 
27.Kf3 Ka3 28.Ke2 Kb2 29.Kd3 a5 30.Nd2 Ka3 31.c3 h6 32.Kc2 Bd8 33.Nc4+ Ka2
34.h5 Bc7 35.g4 e5 36.Nd2 b6 37.c4 Bd6 38.Ne4 Bb4 39.g5 Be7 40.gxh6 gxh6 
41.Nc3+ Ka1 42.Nd5 Bc5 43.Nf6 Be3 1/2-1/2

[Event "Xtracon Chess Open 2018"]
[Site "Elsinore"]
[Date "2018.07.27"]
[Round "8"]
[White "Wahlgreen, Noah"]
[Black "Horslund, Mikael"]
[Result "1-0"]
[WhiteElo "1568"]
[BlackElo "1714"]
[EventDate "2018.07.21"]
[WhiteFideId "1457349"]
[BlackFideId "1421042"]

1.e4 Nf6 2.e5 Nd5 3.c4 Nb6 4.d4 d6 5.Nf3 Nc6 6.h3 Bf5 7.exd6 exd6 8.Bd3 
Qe7+ 9.Be3 Bxd3 10.Qxd3 h6 11.O-O O-O-O 12.Nc3 Nb4 13.Qe2 f5 14.d5 g5 15.
a3 Na6 16.Bxb6 Qxe2 17.Nxe2 axb6 18.b4 Bg7 19.Ra2 g4 20.hxg4 fxg4 21.Nfd4 
Be5 22.Ne6 Rd7 23.f4 gxf3 24.gxf3 Rf7 25.f4 Rg8+ 26.Kh2 Bf6 27.Rg1 Rxg1 
28.Nxg1 c5 29.dxc6 bxc6 30.Nf3 Kd7 31.Re2 Re7 32.f5 Nc7 33.Ned4 Rxe2+ 34.
Nxe2 Bb2 35.a4 Ba3 36.b5 cxb5 37.axb5 d5 38.Nc3 dxc4 39.Ne5+ Ke7 40.Nxc4 
Bc5 41.Nd2 Kf6 42.Nde4+ Kxf5 43.Nxc5 bxc5 44.b6 Na6 45.b7 Ke5 46.Nb5 c4 
47.Kh3 Kf6 48.Kh4 Kg6 49.Nc3 Nb8 50.Nd5 Kf5 51.Ne3+ 1-0

[Event "Xtracon Chess Open 2018"]
[Site "Elsinore"]
[Date "2018.07.27"]
[Round "8"]
[White "Hina, Ariza"]
[Black "Henriksen, Morgan"]
[Result "0-1"]
[WhiteElo "1483"]
[BlackElo "1706"]
[EventDate "2018.07.21"]
[WhiteFideId "1525441"]
[BlackFideId "1510495"]

1.e4 d6 2.d4 Nd7 3.Nc3 c6 4.Nf3 Nb6 5.Be2 g6 6.O-O Nh6 7.h3 f5 8.Bd3 Bg7 
9.Bf4 fxe4 10.Bxe4 O-O 11.Qd2 Nf5 12.Bxf5 Rxf5 13.Rae1 Qf8 14.g3 Rxf4 15.
Qxf4 Bxh3 16.Qxf8+ Bxf8 17.Ng5 Bxf1 18.Kxf1 Nc4 19.Nd1 b5 20.Ne6 a5 21.c3 
Re8 22.b3 Nb6 23.Kg2 Nd5 24.c4 bxc4 25.bxc4 Nb6 26.Nb2 Kf7 27.Ng5+ Kg8 28.
Ne6 Rb8 29.Re2 Kf7 30.Ng5+ Kg8 31.Ne6 h6 32.a3 Kf7 33.g4 Nd7 34.Nxf8 Kxf8 
35.f4 Rb3 36.a4 Rb4 37.Rd2 Nb6 38.c5 Nxa4 39.Nxa4 Rxa4 40.cxd6 exd6 41.Kf3
Ke7 42.Ke3 Rc4 43.Ra2 a4 44.Kd3 d5 45.Rh2 a3 46.Ra2 Ra4 47.Kc3 Kf6 48.Kb3 
Rxd4 0-1

[Event "Xtracon Chess Open 2018"]
[Site "Elsinore"]
[Date "2018.07.27"]
[Round "8"]
[White "Madison, Sigurd"]
[Black "Stage, Mathias Juul"]
[Result "0-1"]
[WhiteElo "1704"]
[BlackElo "1447"]
[EventDate "2018.07.21"]
[WhiteFideId "1711806"]
[BlackFideId "1463306"]

1.e4 g6 2.d4 Bg7 3.c3 d6 4.Nf3 b6 5.Bc4 Bb7 6.Bxf7+ Kxf7 7.Ng5+ Ke8 8.Ne6 
Qd7 9.d5 Bf6 10.g4 h6 11.Qd3 Kf7 12.h4 Na6 13.b4 Nxb4 14.cxb4 Bxa1 15.Qf3+
Nf6 16.g5 hxg5 17.Bxg5 c6 18.Bxf6 exf6 19.h5 Kg8 20.Rg1 g5 21.Nf4 cxd5 22.
exd5 Re8+ 23.Kd2 Qf5 24.Nd3 Be5 0-1

[Event "Xtracon Chess Open 2018"]
[Site "Elsinore"]
[Date "2018.07.27"]
[Round "8"]
[White "Jensen, Jonbert M. S."]
[Black "Haugaard, Thomas"]
[Result "0-1"]
[WhiteElo "1481"]
[BlackElo "1697"]
[EventDate "2018.07.21"]
[WhiteFideId "1435914"]
[BlackFideId "1414330"]

1.e4 e5 2.Nf3 Nc6 3.d4 exd4 4.Nxd4 Bb4+ 5.c3 Ba5 6.Nxc6 bxc6 7.Bc4 Nf6 8.
e5 Qe7 9.O-O Ne4 10.Qf3 d5 11.exd6 Nxd6 12.Qxc6+ Qd7 13.Re1+ Kd8 14.Qxa8 
Bb6 15.Qf3 Nxc4 16.b3 Nd6 17.Bf4 Bb7 18.Qg3 f6 19.Nd2 g5 20.Be3 Nf5 21.Qh3
h5 22.g4 Nxe3 23.fxe3 Re8 24.Rad1 hxg4 25.Qg3 Kc8 26.Nc4 Qe6 27.Nxb6+ axb6
28.Rd4 Bf3 29.Qf2 f5 30.h3 Rh8 31.Qd2 Rxh3 32.Qd3 Qe5 33.Qa6+ Bb7 0-1

[Event "Xtracon Chess Open 2018"]
[Site "Elsinore"]
[Date "2018.07.27"]
[Round "8"]
[White "Stuhr, Finn"]
[Black "Fjallheim, Benjamin Reinert"]
[Result "0-1"]
[WhiteElo "1695"]
[BlackElo "1375"]
[EventDate "2018.07.21"]
[WhiteFideId "1400789"]
[BlackFideId "7202008"]

1.e4 e5 2.Nf3 Nc6 3.Bb5 a6 4.Ba4 Nf6 5.O-O b5 6.Bb3 Bc5 7.d3 O-O 8.Bg5 h6 
9.Bh4 d6 10.h3 Na5 11.Bd5 c6 12.Bb3 Nxb3 13.axb3 Bb6 14.b4 Re8 15.Re1 Be6 
16.b3 Qe7 17.c3 Red8 18.c4 Rdc8 19.Qc2 g5 20.Bg3 Nh5 21.Bh2 f5 22.Qe2 g4 
23.hxg4 fxg4 24.Nxe5 dxe5 25.Bxe5 g3 26.c5 gxf2+ 27.Qxf2 Bc7 28.Bxc7 Rxc7 
29.Nd2 Qg5 30.Nf3 Qg7 31.Qh4 Rf7 32.Rf1 Ng3 33.Rfe1 Rxf3 34.Kh2 Rxd3 35.e5
Qg5 0-1

[Event "Xtracon Chess Open 2018"]
[Site "Elsinore"]
[Date "2018.07.27"]
[Round "8"]
[White "Harders, Poul Erik"]
[Black "Gade, Jens"]
[Result "0-1"]
[WhiteElo "1693"]
[BlackElo "1465"]
[EventDate "2018.07.21"]
[WhiteFideId "1416251"]
[BlackFideId "1416111"]

1.d4 d5 2.c4 e6 3.Nc3 Nf6 4.Bg5 Be7 5.e3 O-O 6.cxd5 exd5 7.Bd3 h6 8.Bh4 c6
9.Nge2 Nbd7 10.Qc2 c5 11.O-O c4 12.Bf5 Nb6 13.Bxc8 Rxc8 14.Rad1 Nh7 15.Bg3
Bd6 16.f3 Re8 17.e4 dxe4 18.fxe4 Bxg3 19.Nxg3 Nf6 20.Qe2 Nbd5 21.Nxd5 Nxd5
22.Qf3 Nb4 23.Qxf7+ Kh7 24.e5 Rc7 25.Qf3 Nd3 26.b3 Qxd4+ 27.Kh1 b5 28.e6 
Qe5 29.Rd2 Qxe6 30.bxc4 bxc4 31.Re2 Qd7 32.Rxe8 Qxe8 33.Qf5+ Kh8 34.Qd5 
Nb4 35.Qd6 Qe7 36.Qf4 Nxa2 37.Nf5 Qf7 38.Qe4 g6 39.Ng3 Qg7 40.Qe8+ Kh7 41.
Ne4 h5 42.Nf6+ Kh6 43.Qe3+ g5 44.h4 Re7 45.Qxe7 0-1

[Event "Xtracon Chess Open 2018"]
[Site "Elsinore"]
[Date "2018.07.27"]
[Round "8"]
[White "Rasmussen, Henning"]
[Black "Tummasarson, Flovin M."]
[Result "1/2-1/2"]
[WhiteElo "1682"]
[BlackElo "1237"]
[EventDate "2018.07.21"]
[WhiteFideId "1410962"]
[BlackFideId "7202431"]

1.d4 d5 2.c4 e6 3.e3 Nf6 4.Nf3 c6 5.Bd3 dxc4 6.Bxc4 Nbd7 7.Nc3 Be7 8.O-O 
b6 9.e4 Bb7 10.e5 Nd5 11.Nxd5 cxd5 12.Bd3 O-O 13.Qe2 Rc8 14.Bd2 Re8 15.
Rac1 Rxc1 16.Rxc1 f6 17.exf6 Bxf6 18.Bb5 Re7 19.Bxd7 Qxd7 20.Ne5 Qa4 21.
Bc3 Qxa2 22.f4 Qa4 23.Qe1 Bxe5 24.fxe5 Qe8 25.Rd1 Bc8 26.g3 Rf7 27.Qe3 Qc6
28.Rc1 Qb7 29.Bb4 Rc7 30.Rxc7 Qxc7 31.Qc3 Qxc3 32.Bxc3 1/2-1/2

[Event "Xtracon Chess Open 2018"]
[Site "Elsinore"]
[Date "2018.07.27"]
[Round "8"]
[White "Jensen, Hans Askov"]
[Black "Yilmaz, Kazim"]
[Result "1/2-1/2"]
[WhiteElo "1473"]
[BlackElo "1669"]
[EventDate "2018.07.21"]
[WhiteFideId "1419889"]
[BlackFideId "1514326"]

1.e4 e5 2.Nf3 Nc6 3.d4 Nxd4 4.Nxd4 exd4 5.Qxd4 Qf6 6.Qxf6 Nxf6 7.Nc3 Bb4 
8.Bd3 d6 9.O-O Bxc3 10.bxc3 O-O 11.Bg5 Bd7 12.Bxf6 gxf6 13.f4 Bc6 14.Rf3 
Rfe8 15.Re1 Re7 16.Rfe3 Rae8 17.Kf2 d5 18.e5 fxe5 19.Rxe5 Rxe5 20.Rxe5 
Rxe5 21.fxe5 Bd7 22.Ke3 c5 23.c4 d4+ 24.Kf4 Be6 25.g3 Kg7 26.h4 h6 27.g4 
a6 28.a3 Bd7 29.g5 b5 30.cxb5 axb5 31.h5 c4 32.Be2 hxg5+ 33.Kxg5 Bc6 34.
h6+ Kh7 35.Bg4 Be4 36.Kf6 d3 37.cxd3 c3 38.Bd1 Bxd3 39.Kxf7 Kxh6 40.e6 Kg5
41.e7 Bg6+ 42.Kf8 Kf4 43.Bc2 Bh5 44.Bd1 1/2-1/2

[Event "Xtracon Chess Open 2018"]
[Site "Elsinore"]
[Date "2018.07.27"]
[Round "8"]
[White "Tarakanov, Vladislav"]
[Black "Knudsen, Jan"]
[Result "0-1"]
[WhiteElo "1380"]
[BlackElo "1659"]
[EventDate "2018.07.21"]
[WhiteFideId "54149010"]
[BlackFideId "1460803"]

1.e4 c5 2.Nf3 d6 3.d4 cxd4 4.Nxd4 Nf6 5.Nc3 a6 6.Be2 g6 7.f4 Bg7 8.e5 dxe5
9.fxe5 Nh5 10.Nf3 Qa5 11.O-O Bxe5 12.Nxe5 Qxe5 13.Bh6 Nc6 14.Bxh5 gxh5 15.
Qf3 Be6 16.Rae1 Qd4+ 17.Kh1 Qh4 18.Rd1 Rd8 19.Rde1 Rg8 20.a3 Rg6 21.Be3 
Kd7 22.Rd1+ Kc8 23.Rxd8+ Kxd8 24.b4 Qc4 25.Na4 Ke8 26.Nb6 Qxc2 27.Rg1 Qb2 
28.Qxh5 h6 29.Qh4 Qc2 30.Bc5 Qb2 31.Qh5 Qb3 32.Qh4 Qxa3 33.Na8 Qa2 34.Nb6 
Qc2 35.Qe1 Kf8 36.Qh4 Bf5 37.Qe1 Be4 38.Qf1 Kg8 39.Nd7 Qd2 40.Nb6 Rf6 41.
Qc4 Qf4 42.Qe2 Re6 43.Qb2 Bd3 44.Qc3 Qf5 45.Qd2 Qg6 46.Nd5 Re2 47.Qc1 e5 
48.Ne7+ Nxe7 49.Bxe7 Be4 50.Qf1 Qh5 51.Bc5 Bc6 52.Bb6 Rb2 53.Bc5 Rb3 54.
Qf2 Rh3 0-1

[Event "Xtracon Chess Open 2018"]
[Site "Elsinore"]
[Date "2018.07.27"]
[Round "8"]
[White "Nielsen, Leo Kresten Roland"]
[Black "Morling, Aase"]
[Result "1-0"]
[WhiteElo "1653"]
[BlackElo "1476"]
[EventDate "2018.07.21"]
[WhiteFideId "1426095"]
[BlackFideId "1440993"]

1.e4 e5 2.Bc4 Nf6 3.d3 d5 4.exd5 Nxd5 5.Qf3 Nf6 6.h3 Be7 7.Nc3 O-O 8.Nd5 
Nxd5 9.Bxd5 c6 10.Bb3 Nd7 11.Be3 Bf6 12.O-O-O Bg5 13.Ne2 Bxe3+ 14.fxe3 Qf6
15.Rhf1 Qxf3 16.Rxf3 Nc5 17.Rdf1 Nxb3+ 18.axb3 Be6 19.Ng3 g6 20.Ne4 f5 21.
Ng5 Bd5 22.e4 fxe4 23.Rxf8+ Rxf8 24.Rxf8+ Kxf8 25.dxe4 Bg8 26.Nf3 Ke7 27.
Nxe5 Ke6 28.Nd3 b6 29.Kd2 g5 30.Ke3 h6 31.g4 c5 32.c4 a5 33.Kd2 Bh7 34.Nf2
Ke5 35.Ke3 Bg6 36.Nd3+ Ke6 37.Ne1 Ke5 38.Nf3+ Ke6 39.h4 gxh4 40.Nxh4 Bf7 
41.Kf4 Be8 42.Nf5 b5 43.Ng7+ Kf7 44.Nxe8 Kxe8 45.cxb5 1-0

[Event "Xtracon Chess Open 2018"]
[Site "Elsinore"]
[Date "2018.07.27"]
[Round "8"]
[White "Petersen, Jan"]
[Black "Schnell, Andrea"]
[Result "1-0"]
[WhiteElo "1647"]
[BlackElo "1270"]
[EventDate "2018.07.21"]
[WhiteFideId "1426320"]
[BlackFideId "16208587"]

1.d4 c6 2.c4 d5 3.cxd5 cxd5 4.Nf3 g6 5.Nc3 Bg7 6.Bf4 Nf6 7.Bxb8 Rxb8 8.
Qa4+ Qd7 9.Qxa7 Qd6 10.a3 Nd7 11.Nb5 Qb6 12.Qxb6 Nxb6 13.Nc7+ Kd8 14.Rc1 
e6 15.e3 Ke7 16.Be2 Bd7 17.O-O h5 18.Bb5 Bf6 19.b3 g5 20.Rc2 g4 21.Nd2 Bg5
22.Bxd7 Kxd7 23.Nb5 Rbc8 24.Rfc1 h4 25.Rc7+ Rxc7 26.Rxc7+ Kd8 27.Rxb7 Rh7 
28.Rxb6 g3 29.hxg3 hxg3 30.f4 Be7 31.Nf1 Rg7 32.Rb8+ Kd7 33.b4 Kc6 34.Nc3 
Kc7 35.Rh8 Bd6 36.Nb5+ Kc6 37.Nxd6 Kxd6 38.Rh3 Rg8 39.Rxg3 Ra8 40.e4 dxe4 
41.Re3 Kd5 42.Ng3 Kxd4 43.Rxe4+ Kc3 44.Re3+ Kd4 45.Kf2 Rc8 46.Ne2+ Kd5 47.
Nc3+ Kd4 48.b5 Kc5 49.a4 Rd8 50.Ke2 Kb6 51.Rd3 Rxd3 52.Kxd3 Ka5 53.Kc4 f6 
54.Kb3 e5 55.fxe5 fxe5 56.g4 Kb6 57.g5 Kc5 58.g6 Kd4 59.g7 e4 60.Nxe4 Kxe4
61.g8=Q Ke5 62.Qd8 Ke6 63.b6 1-0

[Event "Xtracon Chess Open 2018"]
[Site "Elsinore"]
[Date "2018.07.27"]
[Round "8"]
[White "Svane, Freja"]
[Black "O`gorman, Pipa"]
[Result "1-0"]
[WhiteElo "1608"]
[BlackElo "1231"]
[EventDate "2018.07.21"]
[WhiteFideId "12940100"]
[BlackFideId "45171637"]

1.d4 d5 2.c4 e6 3.Nc3 Nf6 4.Bg5 Be7 5.Nf3 O-O 6.e3 Nbd7 7.Bd3 dxc4 8.Bxc4 
c5 9.O-O Re8 10.Qc2 b6 11.dxc5 bxc5 12.Rfd1 Bb7 13.Nd2 Nh5 14.Bxe7 Qxe7 
15.Nb3 Qg5 16.Ne4 Bxe4 17.Qxe4 Ndf6 18.Qf3 Rac8 19.Qb7 Qh4 20.Be2 Ne4 21.
g3 Nexg3 22.hxg3 Qg5 23.Qb5 Nf6 24.Rac1 h5 25.Rxc5 Qh6 26.Rxc8 Rxc8 27.Qa5
g6 28.Rd8+ Rxd8 29.Qxd8+ Kg7 30.Qd4 g5 31.Nd2 Kf8 32.Qd8+ Kg7 33.Qd4 Kf8 
34.Nf3 Qg7 35.Qc5+ Kg8 36.Qxg5 Qxg5 37.Nxg5 Nd5 38.Bxh5 f6 39.Nxe6 1-0

[Event "Xtracon Chess Open 2018"]
[Site "Elsinore"]
[Date "2018.07.27"]
[Round "8"]
[White "Schouten, Ken Ronny"]
[Black "Starup, Leo"]
[Result "0-1"]
[WhiteElo "1309"]
[BlackElo "1562"]
[EventDate "2018.07.21"]
[WhiteFideId "1533010"]
[BlackFideId "1422669"]

1.d4 Nf6 2.Bf4 d6 3.e3 Bf5 4.Nd2 Nbd7 5.Ngf3 c6 6.Bc4 h6 7.h3 e6 8.a4 Be7 
9.Be2 O-O 10.O-O Re8 11.a5 c5 12.Nb3 Be4 13.Nfd2 Bc6 14.dxc5 dxc5 15.Bf3 
Rc8 16.Re1 e5 17.Bh2 e4 18.Bg4 Nxg4 19.Qxg4 Nf6 20.Qf5 Bf8 21.Red1 Bd7 22.
Qf4 Nh5 0-1

[Event "Xtracon Chess Open 2018"]
[Site "Elsinore"]
[Date "2018.07.27"]
[Round "8"]
[White "Kharraziha, Hamid"]
[Black "Olsen, Lars Peter Levin"]
[Result "1-0"]
[WhiteElo "1502"]
[BlackElo "1106"]
[EventDate "2018.07.21"]
[WhiteFideId "1726862"]
[BlackFideId "1454102"]

1.e4 c5 2.Nf3 Nc6 3.d4 cxd4 4.Nxd4 g6 5.c4 Bg7 6.Be3 e6 7.Nc3 a6 8.Be2 
Nge7 9.O-O Nxd4 10.Bxd4 e5 11.Bc5 O-O 12.Nd5 Nxd5 13.Bxf8 Nf4 14.Bxg7 Kxg7
15.Bf3 Qg5 16.Kh1 Ra7 17.Qd2 Qd8 18.g3 Ne6 19.Rad1 b6 20.Qd6 f6 21.Qxe6 a5
22.Rd6 Qf8 23.Qd5 Qf7 24.Qxf7+ Kxf7 25.Rfd1 Ke7 26.Bg4 h5 27.Bh3 Rc7 28.b3
b5 29.cxb5 Ke8 30.b6 Rc2 31.R1d2 Rc1+ 32.Kg2 Bb7 33.f3 Rc3 34.R6d3 Rc1 35.
Rxd7 Ba6 36.Rd8+ 1-0

[Event "Xtracon Chess Open 2018"]
[Site "Elsinore"]
[Date "2018.07.27"]
[Round "8"]
[White "Johansen, Paul Ivar"]
[Black "Gabrielsen, Rasmus Arvola"]
[Result "1/2-1/2"]
[WhiteElo "1244"]
[BlackElo "1546"]
[EventDate "2018.07.21"]
[WhiteFideId "1508024"]
[BlackFideId "1531190"]

1.Nf3 c5 2.c4 Nc6 3.Nc3 g6 4.g3 Bg7 5.Bg2 d6 6.O-O e5 7.Nd5 Nge7 8.e4 Nxd5
9.cxd5 Ne7 10.d3 O-O 11.Bg5 b6 12.a4 Re8 13.Nd2 Bd7 14.Nc4 Qc7 15.Rc1 f6 
16.Be3 Nc8 17.b4 Qd8 18.b5 a6 19.Qb3 axb5 20.axb5 Bf8 21.Ra1 Na7 22.Na3 
Kg7 23.h3 Qe7 24.Qb2 Reb8 25.Rab1 Qe8 26.f4 Nc8 27.f5 Ra5 28.Bd2 Raa8 29.
Ra1 Na7 1/2-1/2

[Event "Xtracon Chess Open 2018"]
[Site "Elsinore"]
[Date "2018.07.27"]
[Round "8"]
[White "Thybo, Jan"]
[Black "Hinrichs, Kurt"]
[Result "1-0"]
[WhiteElo "1272"]
[BlackElo "1223"]
[EventDate "2018.07.21"]
[WhiteFideId "1438824"]
[BlackFideId "12994057"]

1.e4 e6 2.d4 d5 3.exd5 exd5 4.Nf3 Nf6 5.Be2 c5 6.O-O Nc6 7.c3 Be7 8.Bg5 
O-O 9.Bxf6 Bxf6 10.dxc5 Re8 11.Bd3 Ne5 12.Nxe5 Rxe5 13.Nd2 d4 14.Nf3 Rd5 
15.Be4 Rd7 16.Qc2 d3 17.Qd2 Rb8 18.Rfd1 Qa5 19.b4 Qc7 20.Bxd3 Rd8 21.Qc2 
g6 22.Rac1 Be6 23.Be2 Re8 24.a3 Bf5 25.Bd3 Bg4 26.Re1 Rbd8 27.Nd2 Rxd3 28.
Qxd3 Rd8 29.Qe4 Bf5 30.Qe3 Rd3 31.Qe8+ Kg7 32.Ne4 Rd8 33.Qa4 Qf4 34.Nxf6 
Kxf6 35.Rcd1 Rxd1 36.Qxd1 Qc4 37.Qd4+ 1-0

[Event "Xtracon Chess Open 2018"]
[Site "Elsinore"]
[Date "2018.07.27"]
[Round "8"]
[White "Nielsen, Bjorn"]
[Black "Mansoor, Areeb"]
[Result "0-1"]
[WhiteElo "1261"]
[BlackElo "1205"]
[EventDate "2018.07.21"]
[WhiteFideId "1416839"]
[BlackFideId "1535870"]

1.e4 e5 2.Nc3 Nf6 3.Nf3 Nc6 4.Bc4 Bc5 5.O-O d6 6.d3 Bg4 7.Bg5 Nd4 8.Kh1 
Nxf3 9.gxf3 Bh3 10.Rg1 Bxf2 11.Qe2 Bxg1 12.Rxg1 c6 13.Bd5 cxd5 14.Nxd5 Kd7
15.Bxf6 gxf6 16.Rg3 Be6 17.Ne3 Rg8 18.Qf2 Rxg3 19.hxg3 Qg8 20.Kg1 Ke7 21.
Kf1 Qg7 22.a3 Rg8 23.Ke2 Qxg3 24.c3 Qxf2+ 25.Kxf2 h5 26.d4 exd4 27.cxd4 h4
28.Nf1 h3 29.Nh2 d5 0-1

[Event "Xtracon Chess Open 2018"]
[Site "Elsinore"]
[Date "2018.07.27"]
[Round "8"]
[White "Jensen, Johannes Frank"]
[Black "Schjolin, John"]
[Result "1-0"]
[WhiteElo "1354"]
[BlackElo "1160"]
[EventDate "2018.07.21"]
[WhiteFideId "1457942"]
[BlackFideId "1439413"]

1.d4 d5 2.Nc3 Nf6 3.Nf3 h6 4.Bf4 e6 5.e3 Bd6 6.Bg3 a6 7.Bd3 O-O 8.Ne5 Nfd7
9.Bf4 Bxe5 10.dxe5 Nc6 11.Qg4 Ndxe5 12.Qg3 Nxd3+ 13.cxd3 g5 14.Bxc7 Qe7 
15.Bd6 Qf6 16.Bxf8 Kxf8 17.Qd6+ Qe7 18.Qxe7+ Nxe7 19.O-O Bd7 20.e4 d4 21.
Ne2 e5 22.Rac1 Bb5 23.Rfd1 Nc6 24.a3 a5 25.Rc5 Ba4 26.Rb1 b6 27.Rd5 Ke7 
28.Rc1 Rc8 29.b3 Bxb3 30.Rb5 a4 31.Rxb6 Kd6 32.Ng3 Be6 33.Ra6 Bd7 34.Rxa4 
Ne7 35.Ra6+ Rc6 36.Rcxc6+ Nxc6 37.Kf1 Bc8 38.Ra4 Bd7 39.Ke2 Nb8 40.Nf5+ 
Bxf5 41.exf5 f6 42.Rb4 Nd7 43.a4 Nc5 44.a5 Kc7 45.Rc4 Kd6 46.Rb4 Kc7 47.
Rb6 Nd7 48.Rb5 Nb8 49.Kd2 Na6 50.Kc2 Kc6 1-0

[Event "Xtracon Chess Open 2018"]
[Site "Elsinore"]
[Date "2018.07.28"]
[Round "9"]
[White "Svane, Rasmus"]
[Black "Hammer, Jon Ludvig"]
[Result "1/2-1/2"]
[WhiteElo "2580"]
[BlackElo "2631"]
[EventDate "2018.07.21"]
[WhiteFideId "4657101"]
[BlackFideId "1503707"]

1.d4 Nf6 2.c4 g6 3.g3 c6 4.Bg2 d5 5.Qa4 a6 6.cxd5 b5 7.Qd1 cxd5 8.Nf3 Bg7 
9.a4 b4 10.O-O a5 11.Bf4 O-O 12.Nbd2 Nc6 13.Rc1 Bb7 14.Nb3 Ne4 15.Be3 e6 
16.Nc5 Nxc5 17.Rxc5 Qd7 18.Qd2 Rfc8 19.Bh6 Bf6 20.Rfc1 Be7 21.Qf4 Bxc5 22.
Rxc5 f5 23.h4 e5 24.Nxe5 Nxe5 25.Qxe5 Rxc5 26.dxc5 Re8 27.Qf6 Qe7 28.Qb6 
Rc8 29.Bg5 Qd7 30.Qxa5 d4 31.Qxb4 Bxg2 32.Kxg2 Qd5+ 33.Kh2 Qxc5 34.Qb7 Qc6
35.Qa7 Re8 36.Qxd4 Rxe2 37.Bh6 Kf7 38.Qg7+ Ke6 39.Qg8+ Ke5 40.Qb8+ Ke6 41.
Qg8+ Ke5 42.Qb8+ Ke6 43.Qg8+ 1/2-1/2

[Event "Xtracon Chess Open 2018"]
[Site "Elsinore"]
[Date "2018.07.28"]
[Round "9"]
[White "Tari, Aryan"]
[Black "Notkevich, Benjamin Arvola"]
[Result "1-0"]
[WhiteElo "2615"]
[BlackElo "2471"]
[EventDate "2018.07.21"]
[WhiteFideId "1510045"]
[BlackFideId "1506536"]

1.e4 c5 2.Nc3 a6 3.d4 cxd4 4.Qxd4 Nc6 5.Qd2 e6 6.Nf3 Qc7 7.Qg5 h6 8.Qg3 
Qxg3 9.hxg3 Bb4 10.Bd2 Nf6 11.Rh4 O-O 12.e5 Ne8 13.g4 Be7 14.Rh3 d6 15.g5 
hxg5 16.Bxg5 Bxg5 17.Nxg5 f6 18.exf6 gxf6 19.Nf3 d5 20.O-O-O Ne5 21.Be2 
Bd7 22.Nh4 Rf7 23.f4 Nc6 24.f5 Ne5 25.Nf3 Nc7 26.Rdh1 Kf8 27.Nd4 Ke7 28.
fxe6 Bxe6 29.Rg3 Bd7 30.Rh6 Kd6 31.Bh5 Rff8 32.Rg7 Nb5 33.Ncxb5+ axb5 34.
a3 b4 35.axb4 Ra1+ 36.Kd2 Nc4+ 37.Kc3 Ne5 38.b3 Rh1 39.Rhh7 Rf1 40.Be2 Rf4
41.Nb5+ Bxb5 42.Bxb5 Rc8+ 43.Kd2 Rf2+ 44.Be2 Re8 45.Kd1 d4 46.Rxb7 Rxg2 
47.Rb6+ Kd5 48.Rh5 Rf2 49.Bb5 Rd8 50.Ba6 d3 51.c3 Rf1+ 52.Kd2 Rf2+ 53.Ke1 
Re2+ 54.Kd1 Ke4 55.Bb7+ Ke3 56.Rh3+ Kf4 57.Rxd3 Rxd3+ 58.Kxe2 f5 59.c4 
Rxb3 60.c5 Rb2+ 61.Kd1 Nc4 62.Kc1 Re2 63.Rh6 Kg5 64.Ra6 Ne3 65.Kb1 Nc4 66.
Kc1 Ne3 67.Ra3 Rc2+ 68.Kb1 Rc4 69.Rb3 f4 70.Bf3 Kf6 71.c6 Nf1 72.Bd5 Nd2+ 
73.Kb2 Nxb3 74.Bxc4 Nd2 75.Kc3 Ne4+ 76.Kd4 Nd6 77.b5 f3 78.Bf1 Ke7 79.b6 
Kd8 80.Kd5 Nc8 81.b7 Ne7+ 82.Kd6 Nf5+ 83.Ke5 1-0

[Event "Xtracon Chess Open 2018"]
[Site "Elsinore"]
[Date "2018.07.28"]
[Round "9"]
[White "Agdestein, Simen"]
[Black "Keymer, Vincent"]
[Result "1/2-1/2"]
[WhiteElo "2581"]
[BlackElo "2466"]
[EventDate "2018.07.21"]
[WhiteFideId "1500015"]
[BlackFideId "12940690"]

1.d4 Nf6 2.c4 e6 3.Nc3 d5 4.cxd5 Nxd5 5.e4 Nxc3 6.bxc3 c5 7.Nf3 cxd4 8.
cxd4 Bb4+ 9.Bd2 Bxd2+ 10.Qxd2 O-O 11.Bc4 Nd7 12.O-O b6 13.Rad1 Bb7 14.Rfe1
Rc8 15.Bb3 h6 16.h4 Qf6 17.a4 Rfd8 18.a5 b5 19.a6 Ba8 20.Qb4 Qg6 21.d5 
exd5 22.exd5 Nc5 23.Qxb5 Nxb3 24.Qxb3 Qxa6 25.Ne5 Qd6 26.Qa4 Qc5 27.d6 
Rxd6 28.Rxd6 Qxd6 29.Qxa7 Qf6 30.Qd7 Rd8 31.Ng4 Qxh4 32.Re8+ Rxe8 33.Qxe8+
Kh7 34.Nxh6 Qxh6 1/2-1/2